Introduction to modern photogrammetry / (Registro nro. 2703)

Detalles MARC
000 -CABECERA
Campo de control 01042nam a2200301 4500
005 - FECHA Y HORA DE LA ULTIMA TRANSACCION
Campo de control 20191224041647.0
008 - ELEMENTOS DE LONGITUD FIJA—INFORMACION GENERAL
Campo de control 011210s2001 nyua 001 0 eng
020 ## - ISBN
ISBN 0471309249
040 ## - FUENTE DE CATALOGACIÓN
Agencia catalogadora original UKM
Agencia transcriptora UKM
Agencia Modificadora DLC
-- CO-BoIAVH
041 0# - IDIOMA
Código de idioma para texto/pista de sonido o título separado Inglés
044 ## - PAÍS DE PUBLICACIÓN
País de publicación Estados Unidos
082 00 - NUMERO DE CLASIFICACION DECIMAL DEWEY
Número de clasificación 526.982
Número del ítem M63i
100 1# - ASIENTO PRINCIPAL--NOMBRE PERSONAL
Nombre personal Mikhail, Edward M.
Término relacionado autor
9 (RLIN) 17069
245 10 - MENCION DE TITULO
Título Introduction to modern photogrammetry /
Mención de responsabilidad Edward M. Mikhail, James S. Bethel y J. Chris McGlone.
246 30 - FORMA VARIANTE DEL TITULO
Título propiamente dicho/forma breve del título Modern photogrammetry
260 ## - PUBLICACION, DISTRIBUCION, ETC. (PIE DE IMPRENTA)
Lugar de publicación, distribución, etc. New York :
-- Chichester :
Nombre del editor, distribuidor, etc. Wiley,
Fecha de publicación, distribución, etc. c2001.
300 ## - DESCRIPCION FISICA
Extensión ix, 479 páginas :
Otros detalles físicos ilustraciones ;
Dimensiones 26 x 18 cm. +
Material acompañante 1 CD-ROM
500 ## - NOTA GENERAL
Nota general Un CD-ROM detrás de la portada del libro.
500 ## - NOTA GENERAL
Nota general Incluye índice.
504 ## - NOTA DE BIBLIOGRAFIA, ETC.
Nota de bibliografía Incluye referencias bibliográficas.
650 16 - ASIENTO SECUNDARIO DE MATERIA - TERMINO TEMATICO
Término temático o nombre geográfico como elemento de entrada Fotogrametría
9 (RLIN) 16967
650 16 - ASIENTO SECUNDARIO DE MATERIA - TERMINO TEMATICO
Término temático o nombre geográfico como elemento de entrada Fotogrametría
Subdivisión general instrumentos
9 (RLIN) 68201
650 24 - ASIENTO SECUNDARIO DE MATERIA - TERMINO TEMATICO
Término temático o nombre geográfico como elemento de entrada Fotogrametría digital
9 (RLIN) 17089
650 26 - ASIENTO SECUNDARIO DE MATERIA - TERMINO TEMATICO
Término temático o nombre geográfico como elemento de entrada Sensores
9 (RLIN) 68198
700 1# - ASIENTO SECUNDARIO - NOMBRE PERSONAL
Nombre personal Bethel, James S.
Término de relación autor
9 (RLIN) 17071
700 1# - ASIENTO SECUNDARIO - NOMBRE PERSONAL
Nombre personal McGlone, J. Chris.
Término de relación autor
9 (RLIN) 68199
942 ## - ELEMENTOS ADICIONALES (KOHA)
Sistema de clasificación Dewey Decimal Classification
Tipo de ítem Libro
Existencias
Withdrawn status Lost status Sistema de Clasificación Damaged status No para préstamo Colección Inventariado Ubicación Permanente Ubicación actual Fecha de adquisición Fuente de Valor Valor Total Checkouts Número topográfico Inventario / Código de Barras Date last seen Ejemplar Price effective from Forma de adquisición Tipo de material Public note
    Dewey Decimal Classification     General Inventariado 2017 Bogotá Bogotá 12/06/2002 Instituto 39000.00   LB-526.982 M63i 005009 04/12/2012 Ej. 1 04/12/2012 Compra Libro Incluye CD-ROM (CID-035261).